1057 1359 1412 1030 1757 1136 1950 1749 1639 1688 1602 1768 1467 1771 1506 1578 1726 1926 1000 1237 1871 1509 1470 1427 1177 1938 1016 1588 1587 1793 1610 1656 1307 1473 1537 1066 1085 1227 1833 1666 1771 1790 1309 1270 1737 1989 1433 1682 1225 1048 1867 1170 1690 1507 1052 1533 1776 1610 1701 1981 1943 1784 1613 1116 1621 1601 1280 1440 1168 1493 1119 1043 1348 1980 1533 1485 1930 1852 1735 1380 1133 1844 1752 1384 1230 1139 1903 1245 1837 1299 1186 1846 1053 1658 1667 1144 1019 1214 1272 BCNSPRNW ULIB Ver.6.0+V

เปลี่ยนเป็นภาษาไทย

Change to English
 แสดงรายละเอียดบรรณานุกรม
  กลับหน้าหลัก

Brief Record : Get Marc (ISO 2709) : E-mail record : QR code < ปิดหน้าต่าง
LEADER : 00000nam 2200000uu 4500
001    13399111668
003     ULIB
008    110704s2552||||th 000 0 tha d
020    9786165190190
050  4 BQ4570^bอ835ค 2552
100 0  อุบาสิกา คุณรัญจวน อิทรกำแหง
245 10 ความน่ากลัวของสิ่งที่เรียกว่า"สุข"/^cอุบาสิกา คุณรัญจวน อิทรกำแหง
250    พิมพ์ครั้งที่ 1
260    กรุงเทพฯ :^bอมรินทร์ธรรมะ,^c2552
300    151 หน้า
945    ^p129^l0^i027542
995    ทศพร
999 ^a ใช้งานได้ทุกระบบ
รายการนี้ยังไม่มีแท็ก
คุณยังไม่ได้ล็อกอิน คุณสามารถมีกิจกรรมร่วมกับเว็บไซต์ได้ แต่ต้องล็อกอินก่อน ::
  ล็อกอิน

รายการสื่อสารสนเทศ

ลำดับที่ ประเภท เลขเรียก/บาร์โค้ด สถานที่ สถานะ
- ไม่พบข้อมูล -

BibComment


ยังไม่เคยถูกคอมเมนท์

คอมเมนท์ทรัพยากรรายการนี้
  คอมเมนท์: ความน่ากลัวของสิ่..


 Copyright 2026. Bcnsprnw @Library